Raíces históricas del luteranismo /

Сохранить в:
Библиографические подробности
Главный автор: García-Villoslada, Ricardo (autor)
Формат:
Опубликовано: Madrid : Editorial Católica, 1976, c1976
Редактирование:2a edición
Серии:(Biblioteca de Autores Cristianos. Minor ; 8)
Предметы:
Метки: Добавить метку
Нет меток, Требуется 1-ая метка записи!

MARC

LEADER 00000nam^a2200000^u^4500
001 000540380
005 20250521000000.0
008 060220s1000^^^^^^^^^^^^r^^^^^000^0^spa^d
009 20260310131202.329
020 |a 84-220-0245-0 
035 |a FMI 000008336 
037 |a Acervo Xavier Clavigero 
096 |a 5.4.1/5/A 
100 |a García-Villoslada, Ricardo  |e (autor) 
245 1 0 |a Raíces históricas del luteranismo /  |c R. García-Villoslada. 
250 |a 2a edición 
264 4 |a Madrid :  |b Editorial Católica,  |c 1976, c1976 
300 |a XII, 318 p. 
336 |a texto  |b txt  |2 rdacontenido 
337 |a sin mediación  |b n  |2 rdamedio 
338 |a volumen  |b nc  |2 rdasoporte 
440 1 |a (Biblioteca de Autores Cristianos.  |p Minor ;  |v 8) 
649 |a XX 
650 |a Reforma -  |x Historia 
650 |a Luteranismo -  |x Historia -  |y Siglo XVI -  |x Tema Principal 
650 |a Protestantismo -  |x Historia -  |y Siglo XVI 
650 |a Cristianismo -  |x Historia -  |y Siglo XVI 
650 |a Religión -  |x Historia -  |y Siglo XVI 
650 |a Europa -  |x Historia -  |y Siglo XVI 
650 |a Europa -  |x Historia -  |y 1517-1648 
910 |a Fondo Francisco Migoya Covarrubias S.J. 
920 |a Impresos - Libros 
930 |a Fondos Especiales 
905 |a 134 
901 |a SBC12434  |b IT2  |c ESP  |u 20250521 
902 |a https://opac.biblio.iteso.mx/vufind/Record/000540380